000
00224nam a2200097Ia 4500
008
170619s9999 xx 000 0 und d
100
_a
Mataric- M.J
245
4
_a
The Robatics Primer
260
_b
UNIVERSITIES PRESS
260
_c
2009
546
_a
ENGLISH
999
_c
21404
_d
21404